000 00412nam a2200169Ia 4500
008 230711s9999||||xx |||||||||||||| ||und||
041 _aENG
082 _a620.08
_bGA-E
100 _aGarde, R.J
245 0 _aEngineering fluid mechanics
250 _a2nd Ed.
260 _c1990
_aNew Delhi
_bNim Chand & Bros
300 _a732
650 _aMechanical Engineering
700 _aMirajgaoker A.G
942 _cBK
999 _c1734
_d1734